LEADER 00771nam0-22002891i-450- 001 990001465620403321 005 20001010 035 $a000146562 035 $aFED01000146562 035 $a(Aleph)000146562FED01 035 $a000146562 100 $a20000920d1963----km-y0itay50------ba 101 0 $aeng 102 $aUS 105 $aa---a---001yy 200 1 $aPlants Diseaes$eEpidemics and Control$fby J.E. Van der Plank 210 $aNew York$cAcademic Press$d1963 215 $axvi, 349 p.$d25 cm 610 0 $aPatologia vegetale 700 1$aPlank,$bJ.E. Van der$064839 801 0$aIT$bUNINA$gRICA$2UNIMARC 901 $aBK 912 $a990001465620403321 952 $a15 I 15$b11960$fDBV 959 $aDBV 996 $aPlants Diseaes$9379029 997 $aUNINA